Oscar Best Actress movies - Statistics

General Stats
  • This quiz has been taken 77 times
    24 since last reset
  • The average score is 49 of 99
Answer Stats
Year Actress Film % Correct
1996 Frances McDormand Fargo
96%
2016 Emma Stone La La Land
91%
2004 Hilary Swank Million Dollar Baby
91%
1990 Kathy Bates Misery
91%
1991 Jodie Foster The Silence of the Lambs
91%
2017 Frances McDormand Three Billboards Outside Ebbing, Missouri
91%
2010 Natalie Portman Black Swan
87%
2003 Charlize Theron Monster
87%
2020 Frances McDormand Nomadland
83%
1997 Helen Hunt As Good As It Gets
78%
2000 Julia Roberts Erin Brockovich
78%
1939 Vivien Leigh Gone with the Wind
78%
2001 Halle Berry Monster's Ball
78%
1998 Gwyneth Paltrow Shakespeare in Love
78%
2012 Jennifer Lawrence Silver Linings Playbook
78%
2009 Sandra Bullock The Blind Side
78%
2006 Helen Mirren The Queen
78%
2005 Reese Witherspoon Walk the Line
78%
2024 Mikey Madison Anora
74%
1989 Jessica Tandy Driving MIss Daisy
74%
2022 Michelle Yeoh Everything, Everywhere, All at Once
74%
1981 Katharine Hepburn On Golden Pond
74%
1999 Hilary Swank Boys Don't Cry
70%
1972 Liza Minnelli Cabaret
65%
1964 Julie Andrews Mary Poppins
65%
1987 Cher Moonstruck
65%
2015 Brie Larson Room
65%
2018 Olivia Colman The Favourite
65%
1993 Holly Hunter The Piano
65%
1977 Diane Keaton Annie Hall
61%
1980 Sissy Spacek Coal Miner's Daughter
61%
1995 Susan Sarandon Dead Man Walking
61%
1976 Faye Dunaway Network
61%
1975 Louise Fletcher One Flew Over the Cuckoo's Nest
61%
1982 Meryl Streep Sophie's Choice
61%
2002 Nicole Kidman The Hours
61%
2011 Meryl Streep The Iron Lady
61%
2019 Renee Zellweger Judy
57%
2023 Emma Stone Poor Things
57%
1983 Shirley Maclaine Terms of Endearment
57%
2013 Cate Blanchett Blue Jasmine
52%
Barbra Streisand Funny Girl
52%
1971 Jane Fonda Klute
52%
1988 Jodie Foster The Accused
52%
2021 Jessica Chastain The Eyes of Tammy Faye
52%
2008 Kate Winslet The Reader
52%
1986 Marlee Matlin Children of a Lesser God
48%
1992 Emma Thompson Howard's End
48%
1979 Sally Field Norma Rae
48%
2014 Julianne Moore Still Alice
48%
1951 Vivien Leigh A Streetcar Named Desire
43%
2025 Jessie Buckley Hamnet
43%
1974 Ellen Burstyn Alice Doesn't Live Here Anymore
39%
1978 Jane Fonda Coming Home
39%
1963 Patricia Neal Hud
39%
1934 Claudette Colbert It Happened One Night
39%
2007 Marion Cotillard La Vie en Rose
39%
1942 Greer Garson Mrs. Miniver
39%
1984 Sally Field Places in the Heart
39%
1962 Anne Bancroft The Miracle Worker
39%
1994 Jessica Lange Blue Sky
35%
1944 Ingrid Bergman Gaslight
35%
1966 Elizabeth Taylor Who's Afraid of Virginia Woolf?
35%
1960 Elizabeth Taylor BUtterfield 8
30%
1938 Bette Davis Jezebel
30%
1932-33 Katharine Hepburn Morning Glory
30%
1953 Audrey Hepburn Roman Holiday
30%
1959 Simone Signoret Room at the Top
30%
1968 (tie) Katharine Hepburn The Lion in WInter
30%
1969 Maggie Smith The Prime of Miss Jean Brodie
30%
1957 Joanne Woodward The Three Faces of Eve
30%
1985 Geraldine Page The Trip to Bountiful
30%
1961 Sophia Loren Two Women
30%
1956 Ingrid Bergman Anastasia
26%
1952 Shirley Booth Come Back, Little Sheba
26%
1928-29 Mary Pickford Coquette
26%
1967 Katharine Hepburn Guess Who's Coming to Dinner?
26%
1958 Susan Hayward I Want to Live!
26%
1948 Jane Wyman Johnny Belinda
26%
1940 Ginger Rogers Kitty Foyle
26%
1941 Joan Fontaine Suspicion
26%
1954 Grace Kelly The Country Girl
26%
1929-30 Norma Shearer The Divorcee
26%
1947 Loretta Young The Farmer's Daughter
26%
1937 Luise Rainer The Good Earth
26%
1936 Luise Rainer The Great Ziegfeld
26%
1949 Olivia de Havilland The Heiress
26%
1955 Anna Magnani The Rose Tattoo
26%
1943 Jennifer Jones The Song of Bernadette
26%
1970 Glenda Jackson Women in Love
26%
1973 Glenda Jackson A Touch of Class
22%
1950 Judy Holliday Born Yesterday
22%
1935 Bette Davis Dangerous
22%
1965 Julie Christie Darling
22%
1945 Joan Crawford Mildred Pierce
22%
1930-31 Marie Dressler Min and Bill
22%
1946 Olivia de Havilland To Each His Own
22%
1927-28 Janet Gaynor Seventh Heaven, Street Angel and Sunrise
17%
1931-32 Helen Hayes The Sin of Madelon Claudet
17%
No matching quizzes found
Score Distribution
Percent of People with Each Score
Percentile by Number Answered
Your Score History
You have not taken this quiz since the last reset